Le trail - Statistiques

Statistiques générales
  • Ce quiz a été pris 309 fois
  • Le résultat moyen est 3 sur 10
Statistiques - réponses
Question Réponse % Correct
Quel est le vrai nom de Casquette verte ? Alexandre Boucheix
79%
Qui est le recordman de victoires sur l'UTMB ? Kilian JornetFrançois d'Haene
79%
En quelle année a eu lieu le premier UTMB ? 2003
58%
Qui est le petit prince du trail ? Xavier Thévenard
42%
Quelle est la doyenne des courses de trail en France ? La Saintélyon
28%
Elle est également la première femme de l'histoire à avoir terminé une course extrêmement difficile en 2024. Laquelle ? La Barkley
21%
Quelle femme a remporté la Spine Race au scratch en 2019 ? Jasmin Paris
12%
Quel index permet de classer tous les trailers ? UTMB index
ITRA Betrail
12%
Qui est la recordwoman de victoires sur l'UTMB ? Elizabeth Hawker
4%
Qui a réalisé l'exploit de remporter la Diagonale des fous, la Western States endurance run la Hardrock 100 et l'UTMB en un an ? Courtney Dawaulter
3%
Aucun quiz correspondant
Distribution des résultats
% des personnes avec chaque résultat
Percentile par nombre de réponses
Votre historique - résultats
Vous n’avez pas pris ce quiz